Indian farmers’ struggle 2020–2021: Contemporary agrarian questions and challenges for a Marxian political ecology of agriculture (Record no. 528003)

000 -LEADER
fixed length control field 01663nam a22001577a 4500
008 - FIXED-LENGTH DATA ELEMENTS--GENERAL INFORMATION
fixed length control field 241104b ||||| |||| 00| 0 eng d
100 ## - MAIN ENTRY--PERSONAL NAME
Personal name Ravipati, Nikhil
245 ## - TITLE STATEMENT
Title Indian farmers’ struggle 2020–2021: Contemporary agrarian questions and challenges for a Marxian political ecology of agriculture
260 ## - PUBLICATION, DISTRIBUTION, ETC. (IMPRINT)
Place of publication, distribution, etc Sociological Bulletin
300 ## - PHYSICAL DESCRIPTION
Extent 73(3), Jul, 2024: p.278-298
520 ## - SUMMARY, ETC.
Summary, etc This essay draws from critical agrarian studies and the history of farmer’s movements in India in order to shed light on a central problem that the Marxian political ecology of agriculture must confront: how can we develop an ecologically adequate approach to agrarian questions without falling into populism? Or, put differently, how can we reformulate the intuitions of food sovereignty movements through the perspective of the ‘global worker’, thus revealing the ‘unity of the diverse’? It does so by reflecting on debates surrounding the meaning of the agrarian questions in the 21st century, responses to the farmers’ struggle against the so-called new farm laws, and the crisis confronting capitalist world-ecology in the neoliberal era. In particular, the essay thinks through the Bernstein–McMichael debate in the context of the recent farmers’ struggle. It concludes by posing some problems that the Marxian political ecology must confront today.- Reproduced

https://journals.sagepub.com/doi/full/10.1177/00380229241257617
650 ## - SUBJECT ADDED ENTRY--TOPICAL TERM
Topical term or geographic name as entry element Farmers moment in India, Agrarian questions, Populism, Political ecology, Political economy.
9 (RLIN) 48497
773 ## - HOST ITEM ENTRY
Main entry heading Sociological Bulletin
906 ## - LOCAL DATA ELEMENT F, LDF (RLIN)
Subject DIP INDIA - HISTORY
942 ## - ADDED ENTRY ELEMENTS (KOHA)
Item type Articles
Holdings
Withdrawn status Lost status Source of classification or shelving scheme Damaged status Not for loan Permanent location Current location Date acquired Serial Enumeration / chronology Barcode Date last seen Koha item type
          Indian Institute of Public Administration Indian Institute of Public Administration 2024-11-04 73(3), Jul, 2024: p.278-29 AR133432 2024-11-04 Articles

Powered by Koha